Statistiken für Finnische Großstädte

Klicken Sie hier um das Quiz zu spielen!

Allgemein

  • Dieses Quiz wurde 29 mal gespielt
  • Das Durchschnittsergebnis liegt bei 5 aus 9

Antwortstatistiken

EinwohnerzahlStadt% Korrekt
664.028Helsinki
100%
211.848Oulu
73%
197.900Turku
69%
249.009Tampere
65%
305.274Espoo
54%
242.819Vantaa
38%
120.175Lahti
35%
122.594Kuopio
23%
145.887Jyväskylä
19%

Verteilung der Resultate

Perzentil nach korrekt beantworteten Fragen

Anzahl Personen mit jedem Resultat

Ihre Resultats-Entwicklung

Sie haben dieses Quiz noch nicht gespielt